| 000 | 00870cam a22002531a 4500 | ||
|---|---|---|---|
| 001 | ne 65001476 | ||
| 003 | DLC | ||
| 005 | 20260227111815.0 | ||
| 008 | 920811m19489999iq ab b 000 0 ara | ||
| 010 | _ane 65001476 | ||
| 035 | _a(OCoLC)26373548 | ||
| 040 |
_aDLC _cMWalB _dMWalB _dOCoLC _dDLC |
||
| 042 | _apremarc | ||
| 050 | 0 | 0 |
_aTC913.I7 _bS6 |
| 100 | 1 | _aSousa, Ahmed. | |
| 245 | 1 | 0 |
_aRī Sāmarrāʼ fī ʻahd al-khilāfah al-ʻAbbāsīyah / _cAhmed Sousa. |
| 250 | _aal-Ṭabʻah 1. | ||
| 260 |
_aBaghdād : _bMaṭbuʻah al-Maʻārif, _c1948- |
||
| 300 |
_av. : _bill., folded maps ; _c25 cm. |
||
| 500 | _aCover title: The irrigation system of Samarrah during the Abbassid caliphate. | ||
| 504 | _aIncludes bibliographical references. | ||
| 650 | 0 |
_aIrrigation _zIraq _zSāmarrāʼ. |
|
| 740 | 0 | _aIrrigation system of Samarrah during the Abbassid Caliphate. | |
| 999 |
_c48271 _d48271 |
||